[Event "CZE-chT1W 1011"]
[Site "Czech Republic"]
[Date "2011.02.13"]
[Round "8.7"]
[White "Bostl, Frantisek"]
[Black "Hala, Bohumil"]
[Result "1-0"]
[WhiteElo "2205"]
[BlackElo "2257"]
[PlyCount "89"]
[EventDate "2010.10.10"]
[EventType "team-tourn"]
[EventRounds "11"]
[EventCountry "CZE"]
[SourceTitle "EXT 2012"]
[Source "ChessBase"]
[SourceDate "2011.11.24"]
[SourceVersion "1"]
[SourceVersionDate "2011.11.24"]
[SourceQuality "1"]
[WhiteTeam "Ceske Budejovice"]
[BlackTeam "Hradec Kralove"]
[WhiteTeamCountry "CZE"]
[BlackTeamCountry "CZE"]

1. e4 e5 2. Nf3 Nc6 3. c3 Nf6 4. d4 Nxe4 5. d5 Ne7 6. Nxe5 Ng6 7. Qd4 Qf6 8. Qxe4 Qxe5 9. Qxe5+ Nxe5 10. Be3 Be7 11. Bd4 f6 12. f4 Nf7 13. Bd3 b6 14. c4 Bb7 15. 0-0 0-0 16. Nc3 c6 17. Bf5 Rfd8 18. Rad1 Nd6 19. dxc6 dxc6 20. Be6+ Nf7 21. Bf2 Rxd1 22. Rxd1 Rd8 23. Rxd8+ Bxd8 24. c5 Bc7 25. b4 b5 26. Ne4 Kf8 27. f5 Ne5 28. Nd6 Ba6 29. Bg3 Ke7 30. Bxe5 fxe5 31. Ne4 Kd8 32. g4 Bc8 33. Bxc8 Kxc8 34. g5 Kd7 35. h4 a5 36. a3 axb4 37. axb4 Bd8 38. Kf2 g6 39. f6 Ke6 40. Ke3 Kf5 41. Nd6+ Ke6 42. Ke4 h6 43. f7 Be7 44. gxh6 Kf6 45. Ne8+ 1-0

[Event "CZE-chT2C 1011"]
[Site "Czech Republic"]
[Date "2010.11.21"]
[Round "3.4"]
[White "Hala, Bohumil"]
[Black "Drabek, Vojtech"]
[Result "1/2-1/2"]
[WhiteElo "2257"]
[BlackElo "2128"]
[PlyCount "53"]
[EventDate "2010.10.17"]
[EventType "team-tourn"]
[EventRounds "11"]
[EventCountry "CZE"]
[SourceTitle "EXT 2012"]
[Source "ChessBase"]
[SourceDate "2011.11.24"]
[SourceVersion "1"]
[SourceVersionDate "2011.11.24"]
[SourceQuality "1"]
[WhiteTeam "Hradec Kralove II"]
[BlackTeam "Neratovice"]
[WhiteTeamCountry "CZE"]
[BlackTeamCountry "CZE"]

1. d4 Nf6 2. Nf3 g6 3. g3 Bg7 4. Bg2 d5 5. 0-0 0-0 6. c4 Nc6 7. cxd5 Nxd5 8. Nc3 Nb6 9. e3 e5 10. dxe5 Qe7 11. Qe2 Nxe5 12. Nxe5 Bxe5 13. e4 c6 14. f4 Bg7 15. Be3 Rd8 16. Rad1 Be6 17. Rfe1 Rxd1 18. Rxd1 Rd8 19. Re1 Nc4 20. Bc1 f6 21. b3 Qc5+ 22. Kh1 Nb6 23. Bb2 Rd7 24. Rc1 Qf8 25. Rd1 Qd8 26. Rxd7 Qxd7 27. Qe3 1/2-1/2

[Event "CZE-chT1W 0910"]
[Site "Czech Republic"]
[Date "2010.01.24"]
[Round "7.7"]
[White "Hala, Bohumil"]
[Black "Sedy, Pavel"]
[Result "0-1"]
[WhiteElo "2264"]
[BlackElo "2175"]
[PlyCount "94"]
[EventDate "2009.10.11"]
[EventType "team-tourn"]
[EventRounds "11"]
[EventCountry "CZE"]
[SourceTitle "EXT 2011"]
[Source "ChessBase"]
[SourceDate "2010.11.26"]
[SourceVersion "1"]
[SourceVersionDate "2010.11.26"]
[SourceQuality "1"]
[WhiteTeam "Hradec Kralove"]
[BlackTeam "Vrsovice"]
[WhiteTeamCountry "CZE"]
[BlackTeamCountry "CZE"]

1. d4 d5 2. Nf3 Nf6 3. c4 dxc4 4. Nc3 c5 5. e3 Be6 6. Ne5 cxd4 7. exd4 Nbd7 8. Nxc4 Nd5 9. Ne3 Qa5 10. Bd2 Nxe3 11. fxe3 g6 12. Qf3 Bg7 13. Bb5 0-0 14. 0-0 Rab8 15. Rad1 Nf6 16. Be2 Bg4 17. Qf2 e5 18. b4 Qc7 19. d5 Bxe2 20. Qxe2 e4 21. Be1 Rbd8 22. d6 Qc6 23. Rc1 Qxd6 24. Bh4 Rde8 25. Rf4 Nd5 26. Qd1 Bxc3 27. Rxc3 Qxb4 28. Rb3 Qc5 29. Rf1 b5 30. Qe1 b4 31. Rf6 Nxf6 32. Bxf6 a5 33. Bd4 Qc4 34. Rb1 Rd8 35. Bf6 Rd5 36. h3 Qd3 37. Ra1 Qd2 38. Qg3 a4 39. Rf1 b3 40. axb3 axb3 41. Kh2 b2 42. Rb1 Rb5 43. Qh4 Qd6+ 44. Qf4 Qxf4+ 45. exf4 Rfb8 46. Kg3 Rb3+ 47. Kf2 Rc8 0-1

[Event "CZE-chT1W 0910"]
[Site "Czech Republic"]
[Date "2009.11.15"]
[Round "3.7"]
[White "Hala, Bohumil"]
[Black "Fronek, Vitezslav"]
[Result "1/2-1/2"]
[WhiteElo "2264"]
[BlackElo "2102"]
[PlyCount "78"]
[EventDate "2009.10.11"]
[EventType "team-tourn"]
[EventRounds "11"]
[EventCountry "CZE"]
[SourceTitle "EXT 2011"]
[Source "ChessBase"]
[SourceDate "2010.11.26"]
[SourceVersion "1"]
[SourceVersionDate "2010.11.26"]
[SourceQuality "1"]
[WhiteTeam "Hradec Kralove"]
[BlackTeam "Postovni sporitelna II"]
[WhiteTeamCountry "CZE"]
[BlackTeamCountry "CZE"]

1. d4 d5 2. Nf3 Nf6 3. c4 e6 4. Nc3 c6 5. cxd5 exd5 6. Qc2 Bd6 7. Bg5 0-0 8. e3 Nbd7 9. Bd3 Qc7 10. 0-0 Re8 11. Rfc1 a6 12. Rab1 h6 13. Bh4 g5 14. Bg3 Bxg3 15. hxg3 Qd6 16. b4 Ng4 17. e4 Nf8 18. Re1 Be6 19. e5 Qe7 20. Nd2 h5 21. f4 gxf4 22. gxf4 Bd7 23. Nf3 Kg7 24. f5 f6 25. Qd2 Nh7 26. Qf4 Rad8 27. e6 Bc8 28. Ne2 Qd6 29. Qxd6 Rxd6 30. Nf4 Kh6 31. Kf1 Ng5 32. Nh3 Rdd8 33. a4 Rg8 34. b5 axb5 35. axb5 Ne4 36. bxc6 bxc6 37. Bxe4 dxe4 38. Rxe4 Ba6+ 39. Kg1 Bd3 1/2-1/2

[Event "CZE-chT2C 0809"]
[Site "Czech Republic"]
[Date "2009.03.22"]
[Round "10.2"]
[White "Hala, Bohumil"]
[Black "Moravec, Michal"]
[Result "1/2-1/2"]
[WhiteElo "2279"]
[BlackElo "2309"]
[PlyCount "25"]
[EventDate "2008.10.12"]
[EventType "team-tourn"]
[EventRounds "11"]
[EventCountry "CZE"]
[SourceTitle "EXT 2010"]
[Source "ChessBase"]
[SourceDate "2010.11.25"]
[SourceVersion "1"]
[SourceVersionDate "2010.11.25"]
[SourceQuality "1"]
[WhiteTeam "Vrchlabi"]
[BlackTeam "Kolin"]
[WhiteTeamCountry "CZE"]
[BlackTeamCountry "CZE"]

1. e4 g6 2. d4 Bg7 3. c4 c5 4. Nf3 cxd4 5. Nxd4 Nc6 6. Nxc6 bxc6 7. Be2 Nf6 8. Nc3 d6 9. 0-0 0-0 10. Be3 Be6 11. Rc1 Qa5 12. Qd2 Rfb8 13. b3 1/2-1/2

[Event "CZE-chT1W 0809"]
[Site "Czech Republic"]
[Date "2009.03.15"]
[Round "10.4"]
[White "Hala, Bohumil"]
[Black "Neckar, Lubomir"]
[Result "1/2-1/2"]
[WhiteElo "2279"]
[BlackElo "2337"]
[PlyCount "29"]
[EventDate "2008.10.19"]
[EventType "team-tourn"]
[EventRounds "11"]
[EventCountry "CZE"]
[SourceTitle "EXT 2010"]
[Source "ChessBase"]
[SourceDate "2010.11.25"]
[SourceVersion "1"]
[SourceVersionDate "2010.11.25"]
[SourceQuality "1"]
[WhiteTeam "Hradec Kralove"]
[BlackTeam "Lysa nad Labem"]
[WhiteTeamCountry "CZE"]
[BlackTeamCountry "CZE"]

1. d4 d5 2. Nf3 e6 3. c4 Be7 4. Nc3 Nf6 5. Bg5 h6 6. Bh4 0-0 7. cxd5 Nxd5 8. Bxe7 Qxe7 9. e3 b6 10. Nxd5 exd5 11. Bd3 Be6 12. 0-0 Nd7 13. Rc1 c5 14. Re1 c4 15. Bb1 1/2-1/2

[Event "CZE-chT2C 0809"]
[Site "Czech Republic"]
[Date "2009.01.25"]
[Round "7.2"]
[White "Svoboda, Vaclav1111"]
[Black "Hala, Bohumil"]
[Result "1-0"]
[WhiteElo "2277"]
[BlackElo "2279"]
[PlyCount "85"]
[EventDate "2008.10.12"]
[EventType "team-tourn"]
[EventRounds "11"]
[EventCountry "CZE"]
[SourceTitle "EXT 2010"]
[Source "ChessBase"]
[SourceDate "2010.11.25"]
[SourceVersion "1"]
[SourceVersionDate "2010.11.25"]
[SourceQuality "1"]
[WhiteTeam "Praha Oaza"]
[BlackTeam "Vrchlabi"]
[WhiteTeamCountry "CZE"]
[BlackTeamCountry "CZE"]

1. e4 e5 2. Nf3 Nc6 3. Bb5 a6 4. Ba4 Nf6 5. Qe2 d6 6. c3 g6 7. 0-0 Bg7 8. d4 b5 9. Bc2 0-0 10. a4 Rb8 11. axb5 axb5 12. Rd1 Qe7 13. d5 Nd8 14. Ra7 Ne8 15. b4 f5 16. Na3 Bd7 17. exf5 gxf5 18. Nd4 Qh4 19. Ndxb5 Rb7 20. Rxb7 Nxb7 21. c4 f4 22. Be4 Rf6 23. g3 Qg5 24. Nc3 Bh6 25. Bf3 Rg6 26. Ne4 Qe7 27. Nb1 Ng7 28. Nbd2 Nf5 29. Bb2 Nh4 30. Bh5 Rg7 31. Ra1 Ng6 32. Ra7 fxg3 33. hxg3 Nd8 34. Rxc7 Nf4 35. Qf3 Qf8 36. c5 Nxd5 37. Rxd7 Rxd7 38. Qb3 dxc5 39. Nxc5 Rd6 40. Nde4 Bg7 41. Nxd6 Qxd6 42. Bf3 e4 43. Nxe4 1-0

[Event "CZE-chT2C 0809"]
[Site "Czech Republic"]
[Date "2008.11.23"]
[Round "3.2"]
[White "Chalupa, Ivan"]
[Black "Hala, Bohumil"]
[Result "1-0"]
[WhiteElo "2170"]
[BlackElo "2279"]
[PlyCount "39"]
[EventDate "2008.10.12"]
[EventType "team-tourn"]
[EventRounds "11"]
[EventCountry "CZE"]
[SourceTitle "EXT 2010"]
[Source "ChessBase"]
[SourceDate "2010.11.25"]
[SourceVersion "1"]
[SourceVersionDate "2010.11.25"]
[SourceQuality "1"]
[WhiteTeam "Vysehrad III"]
[BlackTeam "Vrchlabi"]
[WhiteTeamCountry "CZE"]
[BlackTeamCountry "CZE"]

1. e4 e5 2. Nf3 Nc6 3. Bb5 a6 4. Ba4 b5 5. Bb3 Bb7 6. a4 Bc5 7. axb5 axb5 8. Rxa8 Qxa8 9. Nc3 Qa5 10. Qe2 b4 11. Nd5 Kd8 12. 0-0 f6 13. c3 Nge7 14. d4 exd4 15. Nxe7 Bxe7 16. cxd4 Re8 17. Rd1 Bd6 18. d5 Nb8 19. Nd4 Bxd5 20. Bxd5 1-0

[Event "CZE-chT1W 0708"]
[Site "Czech Republic"]
[Date "2008.01.06"]
[Round "5.7"]
[White "Danes, Jaroslav"]
[Black "Hala, Bohumil"]
[Result "0-1"]
[WhiteElo "2201"]
[BlackElo "2275"]
[PlyCount "146"]
[EventDate "2007.10.28"]
[EventType "team"]
[EventRounds "11"]
[EventCountry "CZE"]
[SourceTitle "EXT 2009"]
[Source "ChessBase"]
[SourceDate "2008.11.26"]
[SourceVersion "1"]
[SourceVersionDate "2008.11.26"]
[SourceQuality "1"]
[WhiteTeam "Chrudim"]
[BlackTeam "Hradec Kralove"]
[WhiteTeamCountry "CZE"]
[BlackTeamCountry "CZE"]

1. d4 b5 2. e4 Bb7 3. Bd3 Nf6 4. Qe2 a6 5. Nf3 e6 6. 0-0 c5 7. dxc5 Bxc5 8. Bg5 Be7 9. Nbd2 d6 10. e5 Nd5 11. Bxe7 Qxe7 12. a4 b4 13. Nc4 dxe5 14. Qxe5 0-0 15. Rad1 Nd7 16. Qg3 h6 17. a5 Nc5 18. Rfe1 Qf6 19. Bf1 Rfd8 20. Re5 Bc6 21. Rd4 Nb7 22. Rg4 Ne7 23. Nb6 Rab8 24. Rxb4 Bxf3 25. gxf3 Nc6 26. Ree4 Nxb4 27. Rxb4 Qe7 28. Rg4 f5 29. Rg6 Nxa5 30. Nc4 Kh7 31. Ne5 Rg8 32. b3 Rb6 33. Bd3 Nc6 34. Nxc6 Rxc6 35. Bxf5 Kh8 36. Qe5 Qf6 37. Qxf6 gxf6 38. Rxg8+ Kxg8 39. Bd3 a5 40. f4 Kf7 41. Kg2 Ke7 42. Kg3 Rd6 43. Kf3 Rd4 44. h3 Kd6 45. Ke3 Rb4 46. Be2 Kc5 47. Bd1 Rd4 48. Bg4 Rd6 49. c3 Rb6 50. Bd1 Kd5 51. Bc2 Rb8 52. Bd1 Kc5 53. h4 Rg8 54. Bh5 Rg1 55. Bf7 Rb1 56. b4+ axb4 57. cxb4+ Kd6 58. Kf3 Rxb4 59. Kg3 Re4 60. Bg6 Re1 61. Kg2 Kc5 62. Bf7 Kd4 63. Kf3 Kc5 64. Be8 Rh1 65. Kg3 Rg1+ 66. Kf3 Rg7 67. Ba4 Kd4 68. Bb3 e5 69. fxe5 fxe5 70. Be6 Rg6 71. Bf5 Rf6 72. Kg4 e4 73. h5 Ke5 0-1

[Event "CZE-chT1W 0708"]
[Site "Czech Republic"]
[Date "2007.11.25"]
[Round "3.5"]
[White "Novy, Daniel"]
[Black "Hala, Bohumil"]
[Result "1/2-1/2"]
[WhiteElo "2086"]
[BlackElo "2275"]
[PlyCount "51"]
[EventDate "2007.10.28"]
[EventType "team"]
[EventRounds "11"]
[EventCountry "CZE"]
[SourceTitle "EXT 2009"]
[Source "ChessBase"]
[SourceDate "2008.11.26"]
[SourceVersion "1"]
[SourceVersionDate "2008.11.26"]
[SourceQuality "1"]
[WhiteTeam "Karlovy Vary"]
[BlackTeam "Hradec Kralove"]
[WhiteTeamCountry "CZE"]
[BlackTeamCountry "CZE"]

1. e4 a6 2. a4 e5 3. Nf3 Nc6 4. Bc4 Be7 5. Nc3 Nf6 6. d3 0-0 7. 0-0 d6 8. h3 Be6 9. Nd5 Nb8 10. Nxe7+ Qxe7 11. Bxe6 fxe6 12. Bg5 h6 13. Be3 Nc6 14. c3 Rf7 15. Nh2 Raf8 16. Qe2 d5 17. exd5 exd5 18. Rae1 Nd7 19. Ng4 Qh4 20. Qd2 Nf6 21. f3 Nxg4 22. hxg4 Qf6 23. Bc5 Rd8 24. d4 exd4 25. Bxd4 Nxd4 26. cxd4 1/2-1/2

[Event "CZE-chT2c 0607"]
[Site "Czech Republic"]
[Date "2007.04.15"]
[Round "11.3"]
[White "Hala, Bohumil"]
[Black "Moravec, Michal"]
[Result "0-1"]
[WhiteElo "2264"]
[BlackElo "2262"]
[PlyCount "54"]
[EventDate "2006.10.15"]
[EventType "team"]
[EventRounds "11"]
[EventCountry "CZE"]
[SourceTitle "EXT 2008"]
[Source "ChessBase"]
[SourceDate "2007.11.25"]
[SourceVersion "1"]
[SourceVersionDate "2007.11.25"]
[SourceQuality "1"]
[WhiteTeam "Vrchlabi"]
[BlackTeam "Kolin"]
[WhiteTeamCountry "CZE"]
[BlackTeamCountry "CZE"]

1. d4 c5 2. d5 e5 3. e4 d6 4. Nc3 Be7 5. Bb5+ Bd7 6. Bxd7+ Nxd7 7. Nh3 Ngf6 8. 0-0 b5 9. Qe2 b4 10. Nd1 0-0 11. g3 Re8 12. b3 a5 13. Nb2 Nb6 14. a3 bxa3 15. Rxa3 a4 16. Re1 Qd7 17. Kg2 axb3 18. Rxb3 Qa7 19. f4 exf4 20. gxf4 Bf8 21. Re3 Qa2 22. Nf2 g6 23. Nfd1 Bg7 24. Qb5 Rab8 25. Qb3 Qa1 26. Qd3 Qxc1 27. c4 Nxe4 0-1

[Event "CZE-chT1W 0607"]
[Site "Czech Republic"]
[Date "2007.03.18"]
[Round "10.5"]
[White "Hala, Bohumil"]
[Black "Mojzis, Jaroslav"]
[Result "1-0"]
[WhiteElo "2264"]
[BlackElo "2236"]
[PlyCount "65"]
[EventDate "2006.10.29"]
[EventType "team"]
[EventRounds "11"]
[EventCountry "CZE"]
[SourceTitle "EXT 2009"]
[Source "ChessBase"]
[SourceDate "2008.11.26"]
[SourceVersion "1"]
[SourceVersionDate "2008.11.26"]
[SourceQuality "1"]
[WhiteTeam "Hradec Kralove"]
[BlackTeam "Polabiny"]
[WhiteTeamCountry "CZE"]
[BlackTeamCountry "CZE"]

1. d4 Nf6 2. Nf3 e6 3. c4 b6 4. g3 Ba6 5. b3 Bb4+ 6. Bd2 Be7 7. Bg2 0-0 8. 0-0 Bb7 9. Nc3 d5 10. Ne5 Nbd7 11. Bg5 h6 12. Bf4 c6 13. Qd2 Rc8 14. Rfd1 Nxe5 15. Bxe5 Qd7 16. e4 Nxe4 17. Nxe4 dxe4 18. Bxe4 Rfd8 19. Qe2 Bd6 20. c5 Bxe5 21. dxe5 Qe7 22. Rd6 bxc5 23. Rad1 Rxd6 24. exd6 Qg5 25. h4 Qf6 26. Qe3 Qb2 27. Qxc5 Qe2 28. Bc2 Qb5 29. d7 Rd8 30. Qe7 g6 31. Qxd8+ Kg7 32. Qe7 c5 33. d8Q 1-0

[Event "CZE-chT1W 0607"]
[Site "Czech Republic"]
[Date "2007.01.21"]
[Round "6.7"]
[White "Hala, Bohumil"]
[Black "Kohout, Vratislav"]
[Result "0-1"]
[WhiteElo "2264"]
[BlackElo "2179"]
[PlyCount "88"]
[EventDate "2006.10.29"]
[EventType "team"]
[EventRounds "11"]
[EventCountry "CZE"]
[SourceTitle "EXT 2009"]
[Source "ChessBase"]
[SourceDate "2008.11.26"]
[SourceVersion "1"]
[SourceVersionDate "2008.11.26"]
[SourceQuality "1"]
[WhiteTeam "Hradec Kralove"]
[BlackTeam "Vrsovice"]
[WhiteTeamCountry "CZE"]
[BlackTeamCountry "CZE"]

1. d4 d5 2. Nf3 Nf6 3. c4 c6 4. Nc3 dxc4 5. a4 Bg4 6. Ne5 Bh5 7. g3 e6 8. Bg2 Bb4 9. 0-0 Nd5 10. Qc2 0-0 11. Nxc4 Nb6 12. Qd3 N8d7 13. Nxb6 Qxb6 14. e4 Rad8 15. Be3 Ne5 16. Qc2 Nc4 17. Ne2 Nxe3 18. fxe3 e5 19. Bf3 Bg6 20. Qb3 exd4 21. exd4 c5 22. a5 Bxa5 23. Qxb6 Bxb6 24. d5 Rfe8 25. Nc3 c4+ 26. Kg2 Bd4 27. Rfe1 f6 28. Ra4 Rc8 29. Rb4 b6 30. Nb5 a5 31. Ra4 Bxb2 32. Nd6 c3 33. Ra2 a4 34. Nxc8 Rxc8 35. Rxa4 c2 36. d6 c1Q 37. Rxc1 Bxc1 38. Rb4 Be3 39. Bg4 Rd8 40. d7 Kf8 41. Kf3 Bc5 42. Rb2 Bf7 43. Kf4 g6 44. Rc2 Ke7 0-1

[Event "CZE-chT1W 0607"]
[Site "Czech Republic"]
[Date "2006.12.10"]
[Round "4.5"]
[White "Svoboda, Svatopluk"]
[Black "Hala, Bohumil"]
[Result "1-0"]
[WhiteElo "2274"]
[BlackElo "2264"]
[PlyCount "39"]
[EventDate "2006.10.29"]
[EventType "team"]
[EventRounds "11"]
[EventCountry "CZE"]
[SourceTitle "EXT 2009"]
[Source "ChessBase"]
[SourceDate "2008.11.26"]
[SourceVersion "1"]
[SourceVersionDate "2008.11.26"]
[SourceQuality "1"]
[WhiteTeam "Praha Pankrac"]
[BlackTeam "Hradec Kralove"]
[WhiteTeamCountry "CZE"]
[BlackTeamCountry "CZE"]

1. e4 a6 2. d4 b5 3. Nf3 Bb7 4. Bd3 Nf6 5. Qe2 e6 6. c3 c5 7. dxc5 Bxc5 8. Nbd2 Be7 9. e5 Nd5 10. Ne4 f5 11. exf6 Nxf6 12. Nfg5 g6 13. Nxf6+ Bxf6 14. Nxh7 Rxh7 15. Bxg6+ Rf7 16. Qh5 Qe7 17. Qh7 d6 18. Qg8+ Qf8 19. Bxf7+ Ke7 20. Qxf8+ 1-0

[Event "CZE-chT2c 0607"]
[Site "Czech Republic"]
[Date "2006.12.03"]
[Round "4.3"]
[White "Vedral, Oldrich"]
[Black "Hala, Bohumil"]
[Result "1/2-1/2"]
[WhiteElo "2223"]
[BlackElo "2264"]
[PlyCount "182"]
[EventDate "2006.10.15"]
[EventType "team"]
[EventRounds "11"]
[EventCountry "CZE"]
[SourceTitle "EXT 2008"]
[Source "ChessBase"]
[SourceDate "2007.11.25"]
[SourceVersion "1"]
[SourceVersionDate "2007.11.25"]
[SourceQuality "1"]
[WhiteTeam "Rychnov nad Kneznou"]
[BlackTeam "Vrchlabi"]
[WhiteTeamCountry "CZE"]
[BlackTeamCountry "CZE"]

1. e4 e5 2. Nf3 Nc6 3. Bc4 Be7 4. d4 d6 5. dxe5 Nxe5 6. Nxe5 dxe5 7. Qh5 g6 8. Qxe5 Nf6 9. Bh6 Rg8 10. f3 Qd6 11. Bf4 Qxe5 12. Bxe5 Be6 13. Bxe6 fxe6 14. Nc3 0-0-0 15. Nb5 c6 16. Nd4 Nd7 17. Bg3 Nc5 18. 0-0-0 Bg5+ 19. Kb1 Rge8 20. c3 Rd7 21. Kc2 e5 22. Nb3 Nxb3 23. Kxb3 Bf6 24. Rxd7 Kxd7 25. a4 Ke6 26. Bf2 a6 27. Rd1 Be7 28. Bb6 Rf8 29. Kc4 h5 30. h3 Rh8 31. a5 Rf8 32. Rd3 Bh4 33. Bc7 Rc8 34. Bb6 Rf8 35. Kb3 Be7 36. g3 Bd6 37. Kc4 Rf7 38. Bd8 Rd7 39. Bg5 Rf7 40. Kb3 Bc5 41. Kc4 Bf2 42. g4 Rd7 43. Rxd7 Kxd7 44. gxh5 gxh5 45. Kd3 Ke6 46. f4 exf4 47. Bxf4 Bh4 48. Bc7 Bg5 49. Bb6 Bh4 50. Ke2 Bg3 51. Kf3 Be5 52. Bd8 Bd6 53. Bb6 Be5 54. Bd4 Bh2 55. Be3 Bc7 56. b4 Be5 57. Bd4 Bd6 58. Ke3 Bc7 59. Kd3 Bf4 60. Kc4 Bd6 61. Bh8 Bb8 62. Bg7 Ba7 63. Bd4 Bb8 64. Kb3 Bd6 65. c4 Bf4 66. b5 Bc7 67. Kb4 Bd6+ 68. Bc5 Bg3 69. bxa6 Be1+ 70. Kb3 bxa6 71. Bb4 Bf2 72. Kc2 Bg1 73. Kd3 Ba7 74. Bc3 Bb8 75. Bd4 Bc7 76. Bb6 Bg3 77. Bd8 Be5 78. Ke3 Bg3 79. Bb6 Bh2 80. Kf3 Be5 81. Bd8 Bd6 82. Bb6 Be5 83. Ke2 Bf4 84. Bd4 Bc7 85. Bc3 Bf4 86. Kf3 Bh2 87. Be1 Bc7 88. Bd2 Be5 89. Be1 Bc7 90. Bc3 Bd6 91. Bd4 Bc7 1/2-1/2

[Event "CZE-chT2c 0405"]
[Site "Czech Republic"]
[Date "2005.04.10"]
[Round "11.3"]
[White "Kolar, Pavel"]
[Black "Hala, Bohumil"]
[Result "1/2-1/2"]
[WhiteElo "2179"]
[BlackElo "2247"]
[PlyCount "124"]
[EventDate "2004.10.17"]
[EventType "team"]
[EventRounds "11"]
[EventCountry "CZE"]
[SourceTitle "EXT 2007"]
[Source "ChessBase"]
[SourceDate "2006.11.23"]
[SourceVersion "1"]
[SourceVersionDate "2006.11.23"]
[SourceQuality "1"]
[WhiteTeam "Lysa nad Labem"]
[BlackTeam "Vrchlabi"]
[WhiteTeamCountry "CZE"]
[BlackTeamCountry "CZE"]

1. e4 a6 2. d4 b5 3. Bd3 Bb7 4. Ne2 Nf6 5. f3 e6 6. Be3 d6 7. 0-0 c5 8. c3 Be7 9. Nd2 0-0 10. Bf2 Nbd7 11. Ng3 Re8 12. f4 cxd4 13. cxd4 e5 14. fxe5 dxe5 15. d5 Bc5 16. Qf3 g6 17. Bxc5 Nxc5 18. Bxb5 axb5 19. Qxf6 Qxf6 20. Rxf6 Na4 21. b3 Nc3 22. Rb6 Bc8 23. a3 Bd7 24. Rb7 Red8 25. Rc1 Rac8 26. Rf1 Rb8 27. Rxb8 Rxb8 28. Nf3 f6 29. Rc1 Rc8 30. Kf1 b4 31. axb4 Rc7 32. Ra1 Rb7 33. Nd2 Rxb4 34. Ra7 Be8 35. Kf2 Rd4 36. Nf3 Rd3 37. Ne1 Rd2+ 38. Ke3 Rb2 39. d6 Nd1+ 40. Kf3 Rd2 41. Nh1 Bc6 42. Ra1 f5 43. Kg3 Bxe4 44. Nf3 f4+ 45. Kh4 Rxd6 46. Kg5 Bxf3 47. gxf3 Kf7 48. b4 Rd2 49. Ng3 fxg3 50. hxg3 Rd7 51. b5 Nc3 52. b6 Nd5 53. Rb1 Rb7 54. Re1 Rxb6 55. Rxe5 Nf6 56. Ra5 Rd6 57. Kh6 Rd3 58. Ra7+ Ke6 59. Ra6+ Ke5 60. Ra5+ Rd5 61. Ra4 Rd7 62. Kg5 Ke6 1/2-1/2

[Event "CZE-chT2c 0405"]
[Site "Czech Republic"]
[Date "2005.03.20"]
[Round "10.3"]
[White "Hala, Bohumil"]
[Black "Pirklova, Hana"]
[Result "1-0"]
[WhiteElo "2247"]
[BlackElo "2155"]
[PlyCount "75"]
[EventDate "2004.10.17"]
[EventType "team"]
[EventRounds "11"]
[EventCountry "CZE"]
[SourceTitle "EXT 2007"]
[Source "ChessBase"]
[SourceDate "2006.11.23"]
[SourceVersion "1"]
[SourceVersionDate "2006.11.23"]
[SourceQuality "1"]
[WhiteTeam "Vrchlabi"]
[BlackTeam "Rychnov nad Kneznou"]
[WhiteTeamCountry "CZE"]
[BlackTeamCountry "CZE"]

1. d4 Nf6 2. c4 g6 3. Nc3 Bg7 4. e4 d6 5. Bg5 h6 6. Be3 0-0 7. f3 Nbd7 8. Qd2 Kh7 9. Bd3 e5 10. d5 c6 11. Nge2 cxd5 12. cxd5 Nc5 13. Bc2 Bd7 14. b4 Na6 15. a3 Ng8 16. 0-0 f5 17. f4 fxe4 18. Bxe4 Nf6 19. f5 g5 20. g4 Kh8 21. Bf3 Nc7 22. Ng3 Qe7 23. Nge4 Nce8 24. Rac1 Nxe4 25. Nxe4 Bb5 26. Rfe1 Nf6 27. Rc3 Rfd8 28. Rec1 Ne8 29. h4 gxh4 30. Bxh6 Bxh6 31. Qxh6+ Qh7 32. Qg5 Rd7 33. Nf6 Nxf6 34. Qxf6+ Qg7 35. Rc8+ Rxc8 36. Rxc8+ Kh7 37. Qxh4+ Qh6 38. Rh8+ 1-0

[Event "CZE-chT2c 0405"]
[Site "Czech Republic"]
[Date "2005.02.06"]
[Round "7.3"]
[White "Kourek, Josef"]
[Black "Hala, Bohumil"]
[Result "1-0"]
[WhiteElo "2269"]
[BlackElo "2247"]
[PlyCount "109"]
[EventDate "2004.10.17"]
[EventType "team"]
[EventRounds "11"]
[EventCountry "CZE"]
[SourceTitle "EXT 2007"]
[Source "ChessBase"]
[SourceDate "2006.11.23"]
[SourceVersion "1"]
[SourceVersionDate "2006.11.23"]
[SourceQuality "1"]
[WhiteTeam "Polabiny"]
[BlackTeam "Vrchlabi"]
[WhiteTeamCountry "CZE"]
[BlackTeamCountry "CZE"]

1. d4 f5 2. e4 fxe4 3. Nc3 Nf6 4. Bg5 d5 5. Bxf6 exf6 6. Qh5+ g6 7. Qxd5 Bh6 8. Bc4 Qe7 9. Qxe4 Bf5 10. Qxe7+ Kxe7 11. Bb3 Nc6 12. Nge2 Nb4 13. 0-0 Bxc2 14. Bxc2 Nxc2 15. Rad1 Nb4 16. a3 Na6 17. b4 c6 18. d5 cxd5 19. Nxd5+ Kf7 20. Nc7 Rad8 21. Nxa6 bxa6 22. g3 Bd2 23. Nc1 Rhe8 24. Nb3 Bc3 25. Rxd8 Rxd8 26. Rc1 Be5 27. f4 Rd3 28. fxe5 Rxb3 29. Rc7+ Ke6 30. exf6 Rxa3 31. f7 Rf3 32. Rxa7 Rxf7 33. Rxa6+ Kd5 34. Rb6 Ke4 35. Kg2 g5 36. Rb8 g4 37. b5 Rc7 38. Re8+ Kd4 39. Rd8+ Kc5 40. Rg8 Kxb5 41. Rxg4 Kc5 42. Re4 Kd5 43. Re8 Kd6 44. Kf3 Re7 45. Rf8 Rg7 46. Kf4 Ke6 47. g4 h6 48. h4 Ke7 49. Rf5 Ke6 50. Ra5 Rf7+ 51. Ke4 Rf6 52. Ra7 Kd6 53. Ra6+ Ke7 54. Rxf6 Kxf6 55. Kd5 1-0

[Event "CZE-chT 0304"]
[Site "Czech Republic"]
[Date "2004.02.07"]
[Round "6"]
[White "Michalek, Jan"]
[Black "Hala, Bohumil"]
[Result "1/2-1/2"]
[WhiteElo "2396"]
[BlackElo "2239"]
[PlyCount "100"]
[EventDate "2003.11.08"]
[EventType "team-tourn"]
[EventRounds "11"]
[EventCountry "CZE"]
[SourceTitle "EXT 2019"]
[Source "ChessBase"]
[SourceDate "2018.10.10"]
[SourceVersion "1"]
[SourceVersionDate "2018.10.10"]
[SourceQuality "1"]
[WhiteTeam "Plzen"]
[BlackTeam "Hradec Kralove Slavia"]
[WhiteTeamCountry "CZE"]
[BlackTeamCountry "CZE"]

1. e4 e5 2. Nf3 Nc6 3. Bb5 a6 4. Ba4 Nf6 5. 0-0 b5 6. Bb3 Be7 7. d4 d6 8. c3 0-0 9. a4 Bb7 10. Re1 exd4 11. cxd4 d5 12. e5 Ne4 13. Nc3 bxa4 14. Rxa4 Nb4 15. Be3 a5 16. Ra1 c5 17. Qb1 Ng5 18. Bd1 Ne6 19. Na4 Nc6 20. Nxc5 Nxc5 21. dxc5 d4 22. Bd2 d3 23. Ra3 Ba6 24. Rc3 Nb4 25. Bb3 Bb7 26. Qd1 Bd5 27. Ba4 Rc8 28. Be3 Rc7 29. Bb3 Be4 30. Nd2 Bg6 31. Qf3 Qb8 32. Ba4 Na6 33. Rb3 Qc8 34. c6 Bc5 35. Nc4 Qe6 36. Nxa5 Bb4 37. Rxb4 Nxb4 38. Bb6 d2 39. Rd1 Qxe5 40. h3 Rcc8 41. c7 Nd5 42. Bc5 Nxc7 43. Bb4 Na6 44. Bxd2 Qxb2 45. Nc6 Rc7 46. Bf4 Rxc6 47. Bxc6 Nb4 48. Bd6 Rd8 49. Bxb4 Rxd1+ 50. Qxd1 Qxb4 1/2-1/2